=LDR 00000nam 2200000 4500 =001 NUTBA000000000002883 =005 20140708100052.0 =006 =007 =008 =020 ##$$a 979-17095-8-0 =035 ##$$a 0010-071400000000071 =040 ##$$a NBPDMAT =082 ##$$a 616.152 =090 ##$$a 616.152 $b Ikh c =100 ##$$a Ikhsan Soebroto =245 ##$$a Cara mudah mengatasi problema anemia / $c Ikhsan Soebroto =250 ##$$a Cet.1 =260 ##$$a Yogyakarta : $b Bangkit, $c 2009 =300 ##$$a iii hlm. ; $c 18 cm. =650 ##$$a Anemia =850 ##$$a NBPDMAT =990 ##$$a 21402672